| 000 | 00501nam a22001457a 4500 | ||
|---|---|---|---|
| 008 | 230511b |||||||| |||| 00| 0 eng d | ||
| 040 |
_aNational Science Library _cNational Science Library |
||
| 080 |
_a910.4[99]:55][407.3] _bM6 |
||
| 245 |
_aScientific report of third Indian expedition to Antarctica _c/ Centre for Earth Science Studies |
||
| 260 |
_aNew Delhi: _bDepartment of Ocean Development, _c1986 |
||
| 300 | _a266p. | ||
| 650 | _aTravel | ||
| 653 | _aMeteorology | ||
| 942 |
_2udc _cREP |
||
| 999 |
_c29168 _d29168 |
||